Postales de la diferencia : la ciudad vista por fotógrafos wixáritari /

Guardado en:
Bibliografiske detaljer
Hovedforfatter: Corona Berkin, Sarah (autor)
Andre forfattere: Peña, Guillermo de la (presentación) (presentación)
Format: Bog
Sprog:spansk
Udgivet: México : CONACULTA, Dirección General de Culturas Populares, 2011, c2011
Serier:(Culturas Populares de México)
Fag:
Tags: Tilføj Tag
Ingen Tags, Vær først til at tagge denne postø!

MARC

LEADER 00000nam^a2200000^a^4500
001 000408054
005 20250521000000.0
008 181115
009 20260310121943.866
020 |a 978-607-455-661-2 
037 |a Acervo ITESO - Biblioteca 
041 |a GRA 
041 |a ESP 
082 |a 770. 972350712  |b COR 
100 |a Corona Berkin, Sarah  |e (autor) 
245 1 0 |a Postales de la diferencia :  |b la ciudad vista por fotógrafos wixáritari /  |c S. Corona Berkin ; presen. de G. de la Peña. 
264 4 |a México :  |b CONACULTA, Dirección General de Culturas Populares,  |c 2011, c2011 
300 |a 141 p. 
336 |a texto  |b txt  |2 rdacontenido 
337 |a sin mediación  |b n  |2 rdamedio 
338 |a volumen  |b nc  |2 rdasoporte 
440 1 |a (Culturas Populares de México) 
546 |a Edición gráfica con texto bilingüe español-huichol 
649 |a XX 
650 |a Fotógrafos Huicholes -  |x Condiciones Sociales y Culturales -  |x Tema Principal 
650 |a Fotógrafos Indígenas -  |z Jalisco -  |x Condiciones Sociales y Culturales 
650 |a Fotógrafos Indígenas -  |z México -  |x Condiciones Sociales y Culturales 
650 |a Fotógrafos Jaliscienses -  |x Condiciones Sociales y Culturales 
650 |a Fotógrafos Mexicanos -  |x Condiciones Sociales y Culturales 
650 |a Adolescentes Huicholes -  |x Condiciones Sociales y Culturales 
650 |a Adolescentes Indígenas -  |z Jalisco -  |x Condiciones Sociales y Culturales 
650 |a Adolescentes Indígenas -  |z México -  |x Condiciones Sociales y Culturales 
650 |a Adolescentes Jaliscienses -  |x Condiciones Sociales y Culturales 
650 |a Adolescentes Mexicanos -  |x Condiciones Sociales y Culturales 
650 |a Turistas Huicholes -  |x Condiciones Sociales y Culturales 
650 |a Turistas Indígenas -  |z Jalisco -  |x Condiciones Sociales y Culturales 
650 |a Turistas Indígenas -  |z México -  |x Condiciones Sociales y Culturales 
650 |a Turistas Jaliscienses -  |x Condiciones Sociales y Culturales 
650 |a Turistas Mexicanos -  |x Condiciones Sociales y Culturales 
650 |a Huicholes -  |z San Miguel Huaixtita, Jalisco -  |x Condiciones Sociales y Culturales 
650 |a Huicholes -  |z Mezquitic, Jalisco -  |x Condiciones Sociales y Culturales 
650 |a Huicholes -  |z Jalisco -  |x Condiciones Sociales y Culturales 
650 |a Huicholes -  |x Condiciones Sociales y Culturales 
650 |a Indígenas de México -  |z San Miguel Huaixtita, Jalisco -  |x Condiciones Sociales y Culturales 
650 |a Indígenas de México -  |z Mezquitic, Jalisco -  |x Condiciones Sociales y Culturales 
650 |a Indígenas de México -  |z Jalisco -  |x Condiciones Sociales y Culturales 
650 |a Indígenas de México -  |x Condiciones Sociales y Culturales 
650 |a Guadalajara, Jalisco -  |x Fotografías -  |x Tema Principal 
650 |a Fotografía y Sociedad -  |z San Miguel Huaixtita, Jalisco -  |x Tema Principal 
650 |a Fotografía y Sociedad -  |z Mezquitic, Jalisco 
650 |a Fotografía y Sociedad -  |z Jalisco 
650 |a Fotografía y Sociedad -  |z México 
650 |a Fotografía Turística -  |z Jalisco 
650 |a Fotografía Turística -  |z México 
650 |a Fotografía Jalisciense -  |y Siglo XXI 
650 |a Fotografía Mexicana -  |y Siglo XXI 
650 |a Identidad Cultural -  |z San Miguel Huaixtita, Jalisco 
650 |a Identidad Cultural -  |z Mezquitic, Jalisco 
650 |a Identidad Cultural -  |z Jalisco 
650 |a Identidad Cultural -  |z México 
650 |a Etnología 
650 |a Antropología Cultural 
700 |a Peña, Guillermo de la  |e (presentación) 
910 |a Fondo General 
920 |a Impresos - Libros 
930 |a Colección General 
905 |a 101 
901 |a 0500312600  |b IT1  |c ACC  |i C136146  |u 20250521 
902 |a https://opac.biblio.iteso.mx/vufind/Record/000408054